|
|
|
|
| LEADER |
01394nam a2200277 a 4500 |
| 001 |
0017694 |
| 003 |
BD-DhAAL |
| 008 |
090503s2006 ii b b 001 0 eng d |
| 010 |
|
|
|a \\2006542756
|
| 020 |
|
|
|a 8125030182
|
| 040 |
|
|
|a DLC
|c DLC
|d BD-DhAAL
|
| 082 |
0 |
0 |
|a 614.5210954
|2 22
|
| 100 |
1 |
|
|a Bhattacharya, Sanjoy.
|9 41700
|
| 245 |
1 |
0 |
|a Expunging variola :
|b the control and eradication of smallpox in India, 1947-1977 /
|c Sanjoy Bhattacharya.
|
| 260 |
|
|
|a New Delhi :
|b Orient Longman,
|c 2006.
|
| 300 |
|
|
|a xv, 327 pages :
|b 1 map ;
|c 22 cm.
|
| 490 |
0 |
|
|a New perspectives in South Asian history ;
|v 14
|
| 504 |
|
|
|a Includes bibliographical references (pages 306-316).
|
| 526 |
|
|
|a JPGSPH
|x Mrityunjoy Das
Academic and Administrative Officer
James P Grant School of Public Health
BRAC University
|
| 541 |
1 |
|
|e 17694
|a Paragon Enterprises LTD
|
| 650 |
|
0 |
|a Smallpox
|z India
|x Prevention
|x History
|y 20th century.
|9 41701
|
| 650 |
|
0 |
|a Smallpox
|x Vaccination
|z India
|x History
|y 20th century.
|9 41702
|
| 852 |
4 |
|
|a Ayesha Abed Library
|c General Stacks
|
| 942 |
|
|
|2 ddc
|c BK
|
| 999 |
|
|
|c 334
|d 334
|
| 952 |
|
|
|0 0
|1 0
|2 ddc
|4 0
|6 614_521095400000000_BHA_2006
|7 0
|9 303
|a BRACUL
|b BRACUL
|c GEN
|d 2009-05-03
|e Paragon Enterprises LTD
|g 1265.00
|l 0
|o 614.5210954 BHA
|p 3010017694
|r 2009-05-03
|t 1
|w 2009-05-03
|y BK
|x Requisitioned by Mrityunjoy Das,Academic and Administrative Officer, James P Grant School of Public Health, BRAC University
|